| 000 | 00492nam a2200217Ia 4500 | ||
|---|---|---|---|
| 008 | 210210b2013 xxu||||| |||| 00| 0 eng d | ||
| 020 | _a9788126542093 | ||
| 041 | _aeng | ||
| 082 | _a581.5 CRAP | ||
| 100 | _aCRAWLEY (Michael J) Ed | ||
| 245 | _aPlant ecology Ed 2 | ||
| 250 | _a | ||
| 260 |
_aNew Delhi _bJohn Wiley and Sons _c2013 |
||
| 300 | _axviii,717 | ||
| 650 | _aPlant | ||
| 650 | _aEd | ||
| 650 | _aecology | ||
| 650 | _a2 | ||
| 690 | _aPlant Ecology | ||
| 906 | _a069297 | ||
| 999 |
_c153396 _d153396 |
||